| 000 | 00790nam a2200265 a 4500 | ||
|---|---|---|---|
| 001 | BRCA_6365 | ||
| 005 | 20190320205427.0 | ||
| 008 | 180311s1937----nyua######---#000-0#eng-# | ||
| 041 | _aeng | ||
| 044 | _anyu | ||
| 050 | 4 |
_aNK7144 _b.W95 1 1937 |
|
| 100 | 1 |
_aWyler, Seymour B. _914955 |
|
| 245 | 1 | 0 |
_aThe book of old silver _bEnglish-American-Foreing _cby Seymour B. Wyler. |
| 260 |
_aNueva York _bCrown _cc1937 |
||
| 300 |
_ax, 447 p. _bil., 41 láminas _c25 cm. |
||
| 500 | _aIncluye lista de ilustraciones e índice alfabético | ||
| 500 | _aVer también G65 | ||
| 500 | _aCEF111 | ||
| 504 | _aBibliografía: p. 444 | ||
| 650 | 1 | 4 |
_aPlatería inglesa _97768 |
| 650 | 1 | 4 |
_aPlatería estadounidense _915950 |
| 650 | 1 | 4 |
_aPlatería _xHistoria _92975 |
| 902 | _aGFM | ||
| 942 |
_2lcc _cB |
||
| 999 |
_c6051 _d6051 |
||